000 00550nam a2200097Ia 4500
008 170517s9999 xx 000 0 und d
245 _aUp/Down: Bipolar Living
300 _aThere are approximately 5.7 million people in the United States with bipolar disorder. In an attempt to eliminate the mystery and misinformation surrounding the illness, many throughout the country diagnosed with this condition were interviewed extensively. They diligently explain...
650 _xTechnology.
856 _uhttp://topdocumentaryfilms.com/up-down-bipolar-living/
999 _c335137
_d335137